000 00570nam a2200265Ia 4500
005 20260306164542.0
008 008 260114s9999 xx 000 0 eng d
020 _a9780300134872
037 _aEBOOK
040 _aCRL
040 _beng
040 _cCRL
041 _2eng
041 _aeng
084 _qCRL
100 _aCarter
245 0 _aOklahoma!
260 _bYale University Press
260 _c2013
650 _aMusic
856 _uhttps://academic.oup.com/book/19644
942 _cEBOOK
999 _c1714487
_d1714487